Optoelectronics : (Record no. 176982)

000 -LEADER
fixed length control field 01113 a2200217 4500
003 - CONTROL NUMBER IDENTIFIER
control field Nust
005 - DATE AND TIME OF LATEST TRANSACTION
control field 20221115171736.0
010 ## - LIBRARY OF CONGRESS CONTROL NUMBER
LC control number 2003273929
020 ## - INTERNATIONAL STANDARD BOOK NUMBER
International Standard Book Number 0766862682 (pbk.)
035 ## - SYSTEM CONTROL NUMBER
System control number (OCoLC)ocm52975844
040 ## - CATALOGING SOURCE
Transcribing agency Nust
082 ## - DEWEY DECIMAL CLASSIFICATION NUMBER
Classification number 621.36,CAR
100 1# - MAIN ENTRY--PERSONAL NAME
Personal name Cardinale, Gary.
9 (RLIN) 102652
245 10 - TITLE STATEMENT
Title Optoelectronics :
Remainder of title introductory, theory and experiments /
Statement of responsibility, etc. Gary Cardinale.
246 14 - VARYING FORM OF TITLE
Title proper/short title Optoelectronics :
Remainder of title introductory theory and experiments
260 ## - PUBLICATION, DISTRIBUTION, ETC.
Place of publication, distribution, etc. Clifton Park, N.Y. :
Name of publisher, distributor, etc. Thomson/Delmar Learning,
Date of publication, distribution, etc. c2004.
300 ## - PHYSICAL DESCRIPTION
Extent xvi, 96 p. :
Other physical details ill ;
Dimensions 30 cm.
505 ## - FORMATTED CONTENTS NOTE
Formatted contents note Transformers (Page-1), The Sine wave (Page-27), An Introduction To Green LEDs (Page-37), An Introduction To Photoresistors (Page-41), An Introduction To BJT Transistors (Page-45), An Introduction To Red LEDs (Page-53), An Introduction To Infrared LEDs (Page-57), An Introduction To Phototransistors (Page-61), An Introduction To Photovoltaic Cells (Page-67), An Introduction To NAND Logic (Page-73), An Introduction To The 555 Timer (Page-79), Refraction (Page-85).
650 #0 - SUBJECT ADDED ENTRY--TOPICAL TERM
Topical term or geographic name entry element Optoelectronics
9 (RLIN) 55912
942 ## - ADDED ENTRY ELEMENTS (KOHA)
Source of classification or shelving scheme
Koha item type Book
Holdings
Withdrawn status Lost status Source of classification or shelving scheme Damaged status Not for loan Permanent Location Current Location Shelving location Date acquired Full call number Barcode Date last seen Price effective from Koha item type Public note
          Military College of Signals (MCS) Military College of Signals (MCS) General Stacks 12/12/2016 621.36,CAR MCS32521 12/08/2016 12/12/2016 Book Almirah No.30, Shelf No.2
© 2023 Central Library, National University of Sciences and Technology. All Rights Reserved.